• 首页
  • 本馆介绍
  • 公告通知
  • 最新文献
  • 馆藏检索
  • 电子资源
  • 读者导购
  • 参考咨询
  • 我的图书馆
  • 登录
  • 详细信息显示
  • 放入我的书架
  • 预约/预借图书
  • 作者相关作品
  • 分类相关作品
  • 丛书相关作品
  • 出版社相关作品

书目信息

  • 表格格式
  • 工作单格式
  • 卡片格式
题名:
政治经济学
    
 
作者: 鲁缅采夫, 主编 ;毛蓉芳 译
分册: 上  
出版信息: 长春   吉林人民出版社  1981
页数: 342页
开本: 20cm
丛书名:
单 册:
中图分类: F0-0 , F0
科图分类:
主题词: 政治经济学--教材
电子资源:
ISBN:
000 00933nam0 2200289 450
001 1554535146
005 20150118150931.43
091    @a4091.161@b上册@dCNY1.42
100    @a20090522d1981 em y0chiy0121 ea
101 1  @achi@crus
102    @aCN@b220000
105    @ay z 000yy
200 1  @a政治经济学@9zheng zhi jing ji xue@e教科书@h上@f(苏) А·М·鲁缅采夫主编@g毛蓉芳 ... [等] 译
210    @a长春@c吉林人民出版社@d1981
215    @a342页@d20cm
300    @a本书经苏联高等和中等专业教育部审定作为非经济高等院校教科书
305    @a根据苏联政治书籍出版社1979年版译出
306    @a限国内发行
312    @a俄文并列题名取自版权页
510 1  @aПолитическая экономия@zrus
606 0  @a政治经济学@j教材
690    @aF0-0@v5
690    @aF0@v4
701  1 @a鲁缅采夫,@9lu mian cai fu@bA·М@4主编
702  0 @a毛蓉芳@9mao rong fang@4译
801  0 @aCN@bTSSF@c20150115
905    @aZUCC@dF0@eJY29:1
    
    政治经济学:教科书.上/(苏) А·М·鲁缅采夫主编/毛蓉芳 ... [等] 译.-长春:吉林人民出版社,1981
    342页;20cm
    本书经苏联高等和中等专业教育部审定作为非经济高等院校教科书
    
    ISBN :
    
●
相关链接 在E读中查询图书 在五车中查询图书 在当当中查询图书 在豆瓣中查询图书


正题名:政治经济学     索取号:F0/JY29:1         预约/预借

序号 登录号 条形码 馆藏地/架位号 状态 备注
1 7835735   278357350   学院路分馆/ [索取号:F0/JY29:1] 在馆    
2 7835736   278357369   学院路分馆/ [索取号:F0/JY29:1] 在馆    
唐山师范学院图书馆 欢迎您!
大连网信软件有限公司© 版权所有